<?xml version="1.0" encoding="UTF-8"?>
<record
    xmlns:xsi="http://www.w3.org/2001/XMLSchema-instance"
    xsi:schemaLocation="http://www.loc.gov/MARC21/slim http://www.loc.gov/standards/marcxml/schema/MARC21slim.xsd"
    xmlns="http://www.loc.gov/MARC21/slim">

  <leader>00653nam a2200205 i 4500</leader>
  <controlfield tag="001">146140</controlfield>
  <controlfield tag="003">ES-MaACL</controlfield>
  <controlfield tag="005">20240513205035.0</controlfield>
  <controlfield tag="007">t|</controlfield>
  <controlfield tag="008">070903s1966    sp           ||||1| cat d</controlfield>
  <datafield tag="080" ind1=" " ind2=" ">
    <subfield code="a">92 Mestres, Apeles</subfield>
  </datafield>
  <datafield tag="100" ind1="1" ind2=" ">
    <subfield code="a">Torres y Lloret, Francisco.</subfield>
    <subfield code="9">111028</subfield>
  </datafield>
  <datafield tag="245" ind1="1" ind2="0">
    <subfield code="a">Apel-Les, s&#xF3;c aqu&#xED; / </subfield>
    <subfield code="c">Francisco Torres Lloret ; pr&#xF3;leg de Josep Miracle.</subfield>
  </datafield>
  <datafield tag="260" ind1=" " ind2=" ">
    <subfield code="a">[T&#xE1;rrega : </subfield>
    <subfield code="b">s.n], </subfield>
    <subfield code="c">1966 (</subfield>
    <subfield code="f">Camps Calmet, imp.)</subfield>
  </datafield>
  <datafield tag="300" ind1=" " ind2=" ">
    <subfield code="a">I-X, 144 p. : </subfield>
    <subfield code="b">il. ; </subfield>
    <subfield code="c">24 cm.</subfield>
  </datafield>
  <datafield tag="600" ind1="1" ind2="4">
    <subfield code="a">Mestres, Apeles,</subfield>
    <subfield code="d">1854-1936</subfield>
    <subfield code="9">140420</subfield>
  </datafield>
  <datafield tag="700" ind1="1" ind2=" ">
    <subfield code="a">Miracle, Josep.</subfield>
    <subfield code="9">81471</subfield>
  </datafield>
  <datafield tag="852" ind1=" " ind2=" ">
    <subfield code="a">ES-MaACL</subfield>
    <subfield code="j">C-33116 </subfield>
    <subfield code="b">R.64058</subfield>
  </datafield>
  <datafield tag="999" ind1=" " ind2=" ">
    <subfield code="c">146140</subfield>
    <subfield code="d">146140</subfield>
  </datafield>
  <datafield tag="952" ind1=" " ind2=" ">
    <subfield code="0">0</subfield>
    <subfield code="1">0</subfield>
    <subfield code="4">0</subfield>
    <subfield code="7">0</subfield>
    <subfield code="a">ATENEOM</subfield>
    <subfield code="b">ATENEOM</subfield>
    <subfield code="c">DEPO2</subfield>
    <subfield code="d">2008-01-17</subfield>
    <subfield code="e">SC</subfield>
    <subfield code="l">0</subfield>
    <subfield code="o">C-33116</subfield>
    <subfield code="p">1152535</subfield>
    <subfield code="r">2023-02-23 00:00:00</subfield>
    <subfield code="w">2023-02-23</subfield>
    <subfield code="y">MONOGRAFIA</subfield>
  </datafield>
</record>
